Communication skills for engineers and scientists / (Record no. 191406)

MARC details
000 -LEADER
fixed length control field 00744nam a2200241Ia 4500
003 - CONTROL NUMBER IDENTIFIER
control field OSt
005 - DATE AND TIME OF LATEST TRANSACTION
control field 20260119143941.0
008 - FIXED-LENGTH DATA ELEMENTS--GENERAL INFORMATION
fixed length control field 210716s2011 xx 000 0 und d
020 ## - INTERNATIONAL STANDARD BOOK NUMBER
International Standard Book Number 9788120337190
040 ## - CATALOGING SOURCE
Transcribing agency AIMIT LIBRARY
041 ## - LANGUAGE CODE
Language code of text/sound track or separate title eng
082 ## - DEWEY DECIMAL CLASSIFICATION NUMBER
Classification number 651.7
Item number SHAS
100 ## - MAIN ENTRY--PERSONAL NAME
Personal name Sharma, Sangeeta.
9 (RLIN) 251733
245 ## - TITLE STATEMENT
Title Communication skills for engineers and scientists /
Statement of responsibility, etc. By Sangeeta Sharma and Binod Mishra.
250 ## - EDITION STATEMENT
Edition statement 1st ed.
260 ## - PUBLICATION, DISTRIBUTION, ETC.
Place of publication, distribution, etc. New Delhi :
Name of publisher, distributor, etc. PHI Learning Pvt Ltd ,
Date of publication, distribution, etc. 2011.
300 ## - PHYSICAL DESCRIPTION
Extent xvii,354 p.;
Other physical details PB
Dimensions 24.6 cm.
650 ## - SUBJECT ADDED ENTRY--TOPICAL TERM
Topical term or geographic name entry element Techniques of writing
9 (RLIN) 251734
650 ## - SUBJECT ADDED ENTRY--TOPICAL TERM
Topical term or geographic name entry element Negotiation skills
9 (RLIN) 251741
650 ## - SUBJECT ADDED ENTRY--TOPICAL TERM
Topical term or geographic name entry element Group discussions
9 (RLIN) 251742
700 ## - ADDED ENTRY--PERSONAL NAME
Personal name Mishra, Binod.
9 (RLIN) 251735
942 ## - ADDED ENTRY ELEMENTS (KOHA)
Source of classification or shelving scheme Dewey Decimal Classification
Koha item type Book
Call number prefix 651.7 SHAS
Holdings
Withdrawn status Lost status Damaged status Not for loan Collection code Home library Current library Source of acquisition Cost, normal purchase price Total Checkouts Full call number Barcode Date last seen Cost, replacement price Price effective from Koha item type
        MCA St Aloysius Institute of Management & Information Technology St Aloysius Institute of Management & Information Technology Biblios Book Point 195.00   651.7 SHAS MCA10914 07/21/2025 146.25 07/16/2021 Book